00460 a2200121 4500001001000000005001700010008004100027245014700068100002600215700002400241773005600265999001700321ART_5303220260410161759.0260409a 10aAspectos impositivos de las nuevas normas contables. A propósito de la RT 26 y las NIIF (normas internacionales de información financiera)1 aGarcía, Fernando D.1 aLuppi, Hugo Alberto0 tDoctrina tributariag- Nº 353 (ago. 2009)wREV4296 c20395d20395